Morphogenesis: An essay on development. (Record no. 21143)

MARC details
000 -LEADER
fixed length control field 00315nam a2200121Ia 4500
082 ## - DEWEY DECIMAL CLASSIFICATION NUMBER
Classification number 577.218
Item number BON
100 ## - MAIN ENTRY--AUTHOR NAME
Personal name BONNER, John Tyler
245 #0 - TITLE STATEMENT
Title Morphogenesis: An essay on development.
260 ## - PUBLICATION, DISTRIBUTION, ETC. (IMPRINT)
Place of publication Calcutta
Name of publisher Oxford& IBH
650 ## - SUBJECT ADDED ENTRY--TOPICAL TERM
Topical Term Morphogenesis
942 ## - ADDED ENTRY ELEMENTS (KOHA)
Koha item type Books
Holdings
Withdrawn status Lost status Damaged status Not for loan Home library Current library Date acquired Full call number Accession Number Koha item type
        RRII Library RRII Library 16/12/2021 577.218 BON 01863 Books